000 00903nmm a2200277 a 4500
001 ocm000641571
003 TR-IsHL
005 20201028133057.0
008 131121s2003 tu tur
007 cr cn
020 _a9789758523177
035 _a641571
_b(N$T)
050 0 4 _aPR4172.T8
_bW88 2003
090 0 4 _aPR4172.T8
_bW88 2003
100 1 _aBronte, Emily
245 1 0 _aUğultulu tepeler
_h[electronic resource] /
_cEmily Bronte ; çev. Feyza Erbatur
260 _aİstanbul :
_bArmoni Yayınları,
_c2003
300 _a424 p.
650 4 _aDil ve Edebiyat
650 4 _aLanguage and Literature
650 0 _aİngiliz romanı
650 0 _aEnglish fiction
650 7 _aLITERARY COLLECTIONS / European / English, Irish, Scottish, Welsh
_2bisacsh
700 1 _aErbatur, Feyza
856 4 0 _uhttp://search.ebscohost.com/login.aspx?direct=true&scope=site&db=e011xww&AN=641571
999 _c5443
_d5443